000 00923nam a2200181 a 4500
008 110816s1985 ||||||||||||||||| || u
050 _aCOMM(08)
100 _aOkot-uma, W' O
245 1 0 _aIndustrial mini/micro computer applications: workshop on application of mini/micro computers to industrial plant and process design, 27 june to 3 july 1984, R R L-Hyderabad: volume I: Inaugural function, country reports and final recommendations
_cedited by Rogers W'. O Okot-uma
260 _aLondon:
_bCommonwealth Science Council
_c1985
300 _avii, 28p.: ill.
350 _a0.00
490 _aCommonwealth Science Council Technical Publications
650 0 _aELECTRONICS
650 _aINDUSTRIAL ELECTRONICS
710 _aCommonwealth Science Council
995 _D0.00
_FCBU-MAIN LIBRARY (Kitwe)
_H1
_I0.00
_M1
_UAVAILABLE
_WAug 16, 2011
_ZInternational Publications
999 _c46738
_d46738